<?xml version="1.0" encoding="UTF-8"?><?xml-stylesheet type="text/xsl" href="static/style.xsl"?><OAI-PMH xmlns="http://www.openarchives.org/OAI/2.0/" xmlns:xsi="http://www.w3.org/2001/XMLSchema-instance" xsi:schemaLocation="http://www.openarchives.org/OAI/2.0/ http://www.openarchives.org/OAI/2.0/OAI-PMH.xsd"><responseDate>2026-04-29T12:24:22Z</responseDate><request verb="GetRecord" identifier="oai:repisalud.isciii.es:20.500.12105/12581" metadataPrefix="marc">https://repisalud.isciii.es/rest/oai/request</request><GetRecord><record><header><identifier>oai:repisalud.isciii.es:20.500.12105/12581</identifier><datestamp>2025-05-14T10:23:48Z</datestamp><setSpec>com_20.500.12105_2052</setSpec><setSpec>com_20.500.12105_2051</setSpec><setSpec>col_20.500.12105_19619</setSpec></header><metadata><record xmlns="http://www.loc.gov/MARC21/slim" xmlns:dcterms="http://purl.org/dc/terms/" xmlns:doc="http://www.lyncode.com/xoai" xmlns:xsi="http://www.w3.org/2001/XMLSchema-instance" xsi:schemaLocation="http://www.loc.gov/MARC21/slim http://www.loc.gov/standards/marcxml/schema/MARC21slim.xsd">
   <leader>00925njm 22002777a 4500</leader>
   <datafield ind2=" " ind1=" " tag="042">
      <subfield code="a">dc</subfield>
   </datafield>
   <datafield ind2=" " ind1=" " tag="720">
      <subfield code="a">Celaya-Echarri, Mikel</subfield>
      <subfield code="e">author</subfield>
   </datafield>
   <datafield ind2=" " ind1=" " tag="720">
      <subfield code="a">Azpilicueta, Leyre</subfield>
      <subfield code="e">author</subfield>
   </datafield>
   <datafield ind2=" " ind1=" " tag="720">
      <subfield code="a">Ramos-Gonzalez, Maria Victoria</subfield>
      <subfield code="e">author</subfield>
   </datafield>
   <datafield ind2=" " ind1=" " tag="720">
      <subfield code="a">Lopez-Iturri, Peio</subfield>
      <subfield code="e">author</subfield>
   </datafield>
   <datafield ind2=" " ind1=" " tag="720">
      <subfield code="a">Falcone, Francisco</subfield>
      <subfield code="e">author</subfield>
   </datafield>
   <datafield ind2=" " ind1=" " tag="260">
      <subfield code="c">2021</subfield>
   </datafield>
   <datafield ind2=" " ind1=" " tag="520">
      <subfield code="a">This work provides an intensive and comprehensive in-depth study from an empiricaland modeling approach of the environmental radiofrequency electromagnetic fields (RF-EMF) radiationexposure in public shopping malls, as an example of an indoor high-node user density context awareenvironment, where multiple wireless communication systems coexist. For that purpose, current personalmobile communications (2G-5G FR 1) as well as Wi-Fi services (IEEE 802.11n/ac) have been preciselyanalyzed in order to provide clear RF-EMF assessment insight and to verify compliance with establishedregulation limits. In this sense, a complete measurements campaign has been performed in differentcountries, with frequency-selective exposimeters (PEMs), providing real empirical datasets for statisticalanalysis and allowing discussion and comparison regarding current health effects and safety issues betweensome of the most common RF-EMF exposure safety standards: ICNIRP 2020 (Spain), IEEE 2019 (Mexico)and a more restrictive regulation (Poland). In addition, environmental RF-EMF exposure assessmentsimulation results, in terms of spatial E-field characterization and Cumulative Distribution Function (CDF)probabilities, have been provided for challenging incremental high-node user dense scenarios in worst caseconditions, by means of a deterministic in-house 3D Ray-Launching (3D-RL) RF-EMF safety simulationtechnique, showing good agreement with the experimental measurements. Finally, discussion highlightingthe contribution and effects of the coexistence of multiple heterogenous networks and services for theenvironmental RF-EMF radiation exposure assessment has been included, showing that for all measuredresults and simulated cases, the obtained E-Field levels are well below the exposure limits established in theinternationally accepted standards and guidelines. In consequence, the obtained results and the presentedmethodology could become a starting point to stablish the RF-EMF assessment basis of future complexheterogeneous 5G FR 2 developments on the millimeter wave (mmWave) frequency range, where massivehigh-node user density networks are expected.</subfield>
   </datafield>
   <datafield ind1="8" ind2=" " tag="024">
      <subfield code="a">IEEE Access.2021;9 :46755-75</subfield>
   </datafield>
   <datafield ind1="8" ind2=" " tag="024">
      <subfield code="a">10.1109/ACCESS.2021.3067852</subfield>
   </datafield>
   <datafield ind1="8" ind2=" " tag="024">
      <subfield code="a">2169-3536</subfield>
   </datafield>
   <datafield ind1="8" ind2=" " tag="024">
      <subfield code="a">IEEE Access</subfield>
   </datafield>
   <datafield ind1="8" ind2=" " tag="024">
      <subfield code="a">http://hdl.handle.net/20.500.12105/12581</subfield>
   </datafield>
   <datafield tag="653" ind2=" " ind1=" ">
      <subfield code="a">Radiofrequency electromagnetic fields (RF-EMF)</subfield>
   </datafield>
   <datafield tag="653" ind2=" " ind1=" ">
      <subfield code="a">Personal exposimeter (PEM)</subfield>
   </datafield>
   <datafield tag="653" ind2=" " ind1=" ">
      <subfield code="a">Electro-magnetic safety</subfield>
   </datafield>
   <datafield tag="653" ind2=" " ind1=" ">
      <subfield code="a">E-field strength distribution</subfield>
   </datafield>
   <datafield tag="653" ind2=" " ind1=" ">
      <subfield code="a">3D ray launching (3D-RL)</subfield>
   </datafield>
   <datafield tag="653" ind2=" " ind1=" ">
      <subfield code="a">5G</subfield>
   </datafield>
   <datafield tag="653" ind2=" " ind1=" ">
      <subfield code="a">High-node density</subfield>
   </datafield>
   <datafield tag="653" ind2=" " ind1=" ">
      <subfield code="a">Publicshopping malls</subfield>
   </datafield>
   <datafield ind2="0" ind1="0" tag="245">
      <subfield code="a">Empirical and Modeling Approach for Environmental Indoor RF-EMF Assessment in Complex High-Node Density Scenarios: Public Shopping Malls Case Study</subfield>
   </datafield>
</record></metadata></record></GetRecord></OAI-PMH>